Global graphics : color : a guide to design with color for an international market /

Illustrates how significant color customs are used by different cultures to convey particular meanings to groups of people within that culture.

Bibliographic Details
Main Author: Peterson, Larry, 1954-
Other Authors: Cullen, Cheryl Dangel
Format: Book
Language:English
Published: Gloucester, Mass. : Rockport Publishers, Inc., [2000]
Subjects:

MARC

Tag First Indicator Second Indicator Subfields
LEADER 00000cam a2200000Ia 4500
001 in00001599521
005 20151022170545.0
008 001207s2000 maua 000 0 eng d
020 |a 1564962938 
035 |a (OCoLC)ocm45496750 
040 |a OKJ  |c OKJ  |d TXA  |d UtOrBLW 
049 |a TXAM 
090 |a NC997  |b .P38 2000 
100 1 |a Peterson, Larry,  |d 1954- 
245 1 0 |a Global graphics :  |b color : a guide to design with color for an international market /  |c L.K. Peterson, Cheryl Dangel Cullen. 
264 1 |a Gloucester, Mass. :  |b Rockport Publishers, Inc.,  |c [2000] 
264 4 |c ©2000 
300 |a 191 pages :  |b color illustrations ;  |c 28 cm. 
336 |a text  |b txt  |2 rdacontent 
337 |a unmediated  |b n  |2 rdamedia 
338 |a volume  |b nc  |2 rdacarrier 
520 |a Illustrates how significant color customs are used by different cultures to convey particular meanings to groups of people within that culture. 
650 0 |a Color in art. 
650 0 |a Graphic arts. 
650 0 |a Commercial art. 
650 0 |a Visual communication. 
650 0 |a Art. 
700 1 |a Cullen, Cheryl Dangel. 
948 |a cataloged  |b h  |c 2001/2/22  |d c  |e jspillan  |f 11:27:09 am 
994 |a E0  |b TXA 
999 |a MARS 
999 f f |s bcf2bcfa-d55a-3653-8faa-ff33fa004d7a  |i d00e7779-4927-33aa-8c46-300bf6f43ebb  |t 0 
952 f f |p normal  |a Texas A&M University  |b College Station  |c Sterling C. Evans Library  |d Evans: Library Stacks  |t 0  |e NC997 .P38 2000  |h Library of Congress classification  |i unmediated -- volume  |m A14827176845 
998 f f |a NC997 .P38 2000  |t 0  |l Evans: Library Stacks